000 00257nam a22001217a 4500
008 180316b xxu||||| |||| 00| 0 eng d
041 _aeng
080 _a78
100 _a45
101 _amuz
245 _amusic for study
_cmurphy.h.a
942 _2udc
_cBK
999 _c45282
_d45282